<?xml version="1.0" encoding="UTF-8"?>
<record
    xmlns:xsi="http://www.w3.org/2001/XMLSchema-instance"
    xsi:schemaLocation="http://www.loc.gov/MARC21/slim http://www.loc.gov/standards/marcxml/schema/MARC21slim.xsd"
    xmlns="http://www.loc.gov/MARC21/slim">

  <leader>01119nam a22002417a 4500</leader>
  <controlfield tag="003">KOHA_M&#x130;RAKIL</controlfield>
  <controlfield tag="005">20260414071321.0</controlfield>
  <controlfield tag="008">260408b        tu ||||| |||| 00| 0 tur d</controlfield>
  <datafield tag="040" ind1=" " ind2=" ">
    <subfield code="a">TR-AnABB</subfield>
    <subfield code="b">tur</subfield>
    <subfield code="c">TR-AnABB</subfield>
  </datafield>
  <datafield tag="041" ind1=" " ind2=" ">
    <subfield code="a">tur</subfield>
  </datafield>
  <datafield tag="082" ind1=" " ind2=" ">
    <subfield code="a">338.9561</subfield>
    <subfield code="b">ERK 1987	</subfield>
  </datafield>
  <datafield tag="100" ind1="1" ind2=" ">
    <subfield code="a">Erkal, Mustafa</subfield>
  </datafield>
  <datafield tag="245" ind1="1" ind2="0">
    <subfield code="a">101 soru 101 cevap b&#xF6;lge a&#xE7;&#x131;s&#x131;ndan az geli&#x15F;mi&#x15F;lik /</subfield>
    <subfield code="c">Mustafa Erkal</subfield>
  </datafield>
  <datafield tag="246" ind1=" " ind2=" ">
    <subfield code="a">Az geli&#x15F;mi&#x15F;lik</subfield>
  </datafield>
  <datafield tag="260" ind1=" " ind2=" ">
    <subfield code="a">&#x130;stanbul :</subfield>
    <subfield code="b">Bo&#x11F;azi&#xE7;i yay&#x131;nlar&#x131;,</subfield>
    <subfield code="c">1982</subfield>
  </datafield>
  <datafield tag="300" ind1=" " ind2=" ">
    <subfield code="a">268 sayfa ;</subfield>
    <subfield code="c">20 cm</subfield>
  </datafield>
  <datafield tag="500" ind1=" " ind2=" ">
    <subfield code="a">Yazar taraf&#x131;ndan imzal&#x131;</subfield>
  </datafield>
  <datafield tag="505" ind1=" " ind2=" ">
    <subfield code="a">&#x130;&#xE7;indekiler: &#xC7;e&#x15F;itli a&#xE7;&#x131;lardan b&#xF6;lge - Kalk&#x131;nmada mekan boyutunun yeri - Ekonomik geli&#x15F;me ve b&#xFC;y&#xFC;meye sosyolojik bir yakla&#x15F;&#x131;m -T&#xFC;rkiye'de &#xDC;lke ve b&#xF6;lge kalk&#x131;nmas&#x131;na bak&#x131;&#x15F; - Ekonomik kalk&#x131;nma e&#x11F;itim ili&#x15F;kileri ve az geli&#x15F;mi&#x15F; b&#xF6;lgeler - Az geli&#x15F;mi&#x15F; b&#xF6;lgeler ve emparyalizim - Baz&#x131; Sosyal ve ekonomik meselerimiz a&#xE7;&#x131;s&#x131;ndan Do&#x11F;u ve G&#xFC;ndeydo&#x11F;u Anadolu b&#xF6;lgeleri </subfield>
  </datafield>
  <datafield tag="650" ind1="0" ind2="0">
    <subfield code="a">Ekonomik Politika</subfield>
  </datafield>
  <datafield tag="650" ind1="0" ind2="0">
    <subfield code="a">Ekonomik politika, T&#xFC;rkiye</subfield>
  </datafield>
  <datafield tag="900" ind1=" " ind2=" ">
    <subfield code="b">Can &#xC7;ELIK</subfield>
  </datafield>
  <datafield tag="942" ind1=" " ind2=" ">
    <subfield code="2">ddc</subfield>
    <subfield code="c">BK</subfield>
  </datafield>
  <datafield tag="952" ind1=" " ind2=" ">
    <subfield code="0">0</subfield>
    <subfield code="1">0</subfield>
    <subfield code="2">ddc</subfield>
    <subfield code="7">0</subfield>
    <subfield code="a">RUK</subfield>
    <subfield code="b">RUK</subfield>
    <subfield code="d">2026-04-08</subfield>
    <subfield code="l">0</subfield>
    <subfield code="o">338.9561 ERK 1987	</subfield>
    <subfield code="p">RK7040</subfield>
    <subfield code="r">2026-04-08 08:32:25</subfield>
    <subfield code="w">2026-04-08</subfield>
    <subfield code="y">BK</subfield>
  </datafield>
  <datafield tag="999" ind1=" " ind2=" ">
    <subfield code="c">10189</subfield>
    <subfield code="d">10189</subfield>
  </datafield>
</record>
